000 00786nam a2200253 i 4500
001 77569
003 ES-MaACL
005 20230906173259.0
007 t|
008 041021s1999 sp |||| |dspa d
020 _a84-930657-4-9
080 _a821.134.2.09"19"
080 _a929:821.134.2"19"(049.3)
245 0 3 _aEl destino de la literatura
_b: diez voces : Rafael Argullol ... /
_cMichael Pfeiffer.
260 _aBarcelona :
_bEl Acantilado,
_c1999.
300 _a203 p. ;
_c22 cm.
490 1 _aAcantilado
650 4 _aLiteratura española-
_yS.XX-
_xHistoria y crítica.
_9141686
650 4 _aEscritores españoles-
_vEntrevistas.
_912386
700 1 _aPfeiffer, Michael.
_991628
830 0 _aAcantilado
_9182222
852 _aES-MaACL
_jL-28329
999 _c77569
_d77569